000 02644nam a22002537a 4500
005 20220331100714.0
008 220331b ||||| |||| 00| 0 eng d
020 _a8122004598
040 _cAL
041 _aEnglish
082 _223
_a320
_bBASA
100 _aSunil Bastian and others
_926808
245 _aAssessing Participation: A Debate From South Asia
260 _a Delhi
_b‎ Konark Publishers Pvt Ltd
_c1996
300 _aviii,288 p.
_bHB
_c22x14 cm.
365 _b₹300.00
_c
_d₹300.00
520 _a A Debate From South Asia Participation, or Participatory Development, has become one ofthe orthodoxies of the mainstream discourse of development. Alongwith the promotion of market Forces and private sector in theEconomy and liberal Institutions in politics, Participation hasbecome a cornerstone of the development interventions promoted bydonors dependence on market forces and private Capital is expectedto generate economic growth. Liberal institutions would democratisesociety. Participation is not only expected to allow theinvolvement of wider sections of the Population in the developmentprocess, but also to contribute to the distribution of Fruits ofeconomic growth. Two decades ago, a group of researchers andpractitioners of development took a fresh Look at the notion ofparticipatory development at a workshop organised by Duryog Nivaranin November 1995. During Nivaran is a South Asian network trying topromote participatory approaches in situations of Natural disastersand internal conflicts. The papers presented at this workshop arebrought together in this volume. The starting point of Some of thepapers in analysing the theme of participation is development. Theylook at the Conceptual basis of the notion of participatorydevelopment as well as Concrete Experiences of its use in specificprojects. For others participation is essentially a conceptrelevant for Civil Society politics. Most of the contributions tothe volume have come from people who have been sympathetic to thenotion of participation in development. But almost all thecontributions point to the need to understand the limitations ofparticipation. These limitations arise both at conceptual Level andin what could be achieved through participation at project level.The editors hope that this volume will contribute to a debate onparticipatory development, and will Help us to assess its potentialin more realistic terms.
650 _aSouth Asia
_926809
650 _aparticipation
_926810
650 _aDisaster mitigation
_926811
700 _aBASTIAN (Sunil) Ed
_926812
700 _aBASTIAN (Nicola) Ed
_926813
942 _2ddc
_cGF
999 _c222108
_d222108